Concentración de medios en Europa: el juego de los goliats /
Gespeichert in:
| 1. Verfasser: | |
|---|---|
| Format: | Text |
| Schlagworte: | |
| Tags: |
Tag hinzufügen
Keine Tags, Fügen Sie den ersten Tag hinzu!
|
MARC
| LEADER | 00000 a a2200000 04500 | ||
|---|---|---|---|
| 001 | 5038 | ||
| 003 | |||
| 040 | |||
| 100 | |a Dragomir, Marius | ||
| 245 | |a Concentración de medios en Europa: |b el juego de los goliats / |c Marius Dragomir | ||
| 650 | |a MEDIOS DE COMUNICACION | ||
| 650 | |a POLITICA | ||
| 650 | |a COMERCIO | ||
| 773 | |g volumen 24, número 3; páginas 69-90 | ||
| 999 | |c 26506 |d 26506 | ||
